25 Years of Television Beginnings (1993-1969) Quiz Stats

 Plays Quiz Updated Jun 30, 2018

Challenge
Share
Tweet
Score 0/25 Timer 08:00
6 Plays Today
% Correct
The Simpsons
98.8%
The Smurfs
96.4%
The Oprah Winfrey Show
96.2%
The Muppet Show
95.1%
Rugrats
93.5%
Cheers
93.3%
M*A*S*H
92.4%
Full House
89.1%
Mork & Mindy
88.3%
The Brady Bunch
86%
Murder, She Wrote
85.8%
Magnum, P.I.
82.2%
Roseanne
80.8%
% Correct
Three's Company
80.1%
All in the Family
76.7%
The Odd Couple
71.1%
MacGyver
70.4%
Saturday Night Live
66.2%
Fraggle Rock
62.5%
Twin Peaks
57%
Benson
55%
Mad About You
54.7%
The Rockford Files
51.6%
The Young and the Restless
18.5%
Late Show with David Letterman
11.5%

You're not logged in!

Compare scores with friends on all Sporcle quizzes.
Join for Free
OR
Log In

You Might Also Like...

Show Comments

Extras

Top Quizzes Today


Score Distribution

Your Account Isn't Verified!

In order to create a playlist on Sporcle, you need to verify the email address you used during registration. Go to your Sporcle Settings to finish the process.

Report this User

Report this user for behavior that violates our Community Guidelines.

Details: